| 000 | 00850na a2200253 4500 | ||
|---|---|---|---|
| 001 | 15178 | ||
| 003 | MIRAKIL | ||
| 005 | 20181213155302.0 | ||
| 008 | 160905b tu 000 0 | ||
| 020 | _a9751710448 | ||
| 035 | _a15178 | ||
| 040 |
_aMilas _btur _cTR-AnCHP |
||
| 082 |
_aATA/B 956.1023 _bC36 [t. y.] |
||
| 090 | _aATA/B 956.1023 C36 [t.y.] | ||
| 245 |
_aCephelerden Kurtuluş Savaşı'na _chazırlayan Mehmet Özel |
||
| 260 |
_a[Ankara] _bAnkara Ticaret Odası _c[t. y.] |
||
| 300 |
_a2 c. _c27 sm. |
||
| 500 | _ac.1: 1. Dünya Savaş'ı ve cepheler -- c.2: Türk Kurtuluş Savaş'ı | ||
| 600 |
_aAtatürk, Mustafa Kemal _d1881-1938 _xKurtuluş Savaşı _yResimli yapıtlar |
||
| 650 |
_aSavaşlar _xTarih _y20. yüzyıl _zTürkiye |
||
| 651 |
_aTürkiye _xAskeri tarih _y20. yüzyıl |
||
| 700 | _aÖzel, Mehmet | ||
| 942 |
_2dcc _cBKS |
||
| 999 |
_c9952 _d9952 |
||